000
00321nam a2200133Ia 4500
008
190723s9999 xx 000 0 und d
020
_a
978-93-325-8607-9
100
_a
David K. Eiteman
245
0
_a
Multinational Business Finance
250
_a
14th
260
_a
India
_b
Pearson
_c
2018
300
_a
612.:p
942
_c
BK
999
_c
1819
_d
1819